Mots par définition #22 - Attaques Pokémon (en un mot) - Statistiques

Statistiques générales
  • Ce quiz a été pris 176 fois
  • Le résultat moyen est 12 sur 15
Statistiques - réponses
Genre Définition Nom % Correct
Nom Masculin Sport consistant à se maintenir en équilibre sur une planche portée par une vague déferlante. Surf
97%
Nom Masculin Lueur très vive, traduisant visuellement la décharge d'électricité atmosphérique, lors d'un orage. Éclair
96%
Nom Masculin Mouvement brusque ou secousse de l'écorce terrestre, produit à une certaine profondeur, à partir d'un épicentre. Séisme
94%
Nom Féminin Action de mordre; plaie que cause avec ses dents un animal ou un être humain qui mord. Morsure
90%
Nom Masculin En boxe, coup de poing délivré bras fléchi, de bas en haut. Uppercut
88%
Nom Masculin Vent du nord, glacial, violent et accompagné de tempêtes de neige, qui souffle sur le Canada et le nord des États-Unis en hiver et au printemps. Blizzard
87%
Nom Féminin Mousse blanchâtre formée à la surface de la mer par l'agitation des vagues ou par la rencontre de courants. Écume
85%
Nom Féminin Diminution ou perte de la mémoire. Amnésie
81%
Nom Féminin Ensemble des armes défensives qui protègent le corps et les membres, comme le casque, la cuirasse, etc. Armure
81%
Nom Masculin Dans certaines machines à sous, combinaison de symboles qui permet de remporter le gros lot ; montant en monnaie de ce gros lot. Jackpot
81%
Nom Masculin Cri prolongé, aigu et plaintif, que poussent parfois le chien, le loup. Hurlement
79%
Nom Féminin Étui corné et pointu coiffant l'extrémité des doigts chez les vertébrés amniotes et chez divers arthropodes. Griffe
77%
Nom Féminin Sport de combat dans lequel deux adversaires s'affrontent à mains nues, chacun cherchant à renverser l'autre sur le dos. Lutte
72%
Nom Masculin Croyance selon laquelle des morts sortent provisoirement de leur tombeau afin d'aller sucer le sang des vivants, entraînant ainsi leur prospérité et l'anémie des donneurs. Vampirisme
63%
Nom Féminin Action qui répond sur-le-champ et vivement à une attaque. Riposte
48%
Aucun quiz correspondant
Distribution des résultats
% des personnes avec chaque résultat
Percentile par nombre de réponses
Votre historique - résultats
Vous n’avez pas pris ce quiz